| 000 | 00417nam a2200157 a 4500 | ||
|---|---|---|---|
| 005 | 20140310183322.0 | ||
| 008 | 060302s19uu xx 00 eng d | ||
| 020 | _a0446603716 | ||
| 050 |
_aPS 3566.A822 _b.P317 1996 |
||
| 100 | _aPatterson, James | ||
| 245 |
_aHide and seek / _cJames Patterson. |
||
| 260 |
_aNew York : _bWarner Books, _c1996. |
||
| 300 |
_a429 p. : _c17 cm. |
||
| 942 |
_cBK _2lcc |
||
| 999 |
_c21424 _d21424 |
||